[Event "CRO-chT2"]
[Site "Pula"]
[Date "2000.09.14"]
[Round "4"]
[White "Lazovic, Gordan"]
[Black "Rade, Miroslav"]
[Result "1/2-1/2"]
[WhiteElo "2365"]
[BlackElo "2371"]
[PlyCount "29"]
[EventDate "2000.09.??"]
[EventType "team-swiss"]
[EventRounds "7"]
[EventCountry "CRO"]
[SourceTitle "EXT 2001"]
[Source "ChessBase"]
[SourceDate "2000.11.22"]
[SourceVersion "1"]
[SourceVersionDate "2000.11.22"]
[SourceQuality "1"]

1. d4 Nf6 2. Bg5 Ne4 3. Bf4 d5 4. Nd2 Nxd2 5. Qxd2 Bf5 6. e3 e6 7. Nf3 Bd6 8. Bxd6 Qxd6 9. c3 Nd7 10. Bd3 Bxd3 11. Qxd3 0-0 12. 0-0 e5 13. dxe5 Nxe5 14. Nxe5 Qxe5 15. Rad1 1/2-1/2

[Event "CRO-chT2"]
[Site "Pula"]
[Date "2000.09.13"]
[Round "3"]
[White "Lazovic, Gordan"]
[Black "Brumen, Dinko"]
[Result "1/2-1/2"]
[WhiteElo "2365"]
[BlackElo "2430"]
[PlyCount "33"]
[EventDate "2000.09.??"]
[EventType "team-swiss"]
[EventRounds "7"]
[EventCountry "CRO"]
[SourceTitle "EXT 2001"]
[Source "ChessBase"]
[SourceDate "2000.11.22"]
[SourceVersion "1"]
[SourceVersionDate "2000.11.22"]
[SourceQuality "1"]

1. d4 Nf6 2. c4 e6 3. Nf3 d5 4. Nc3 Nbd7 5. cxd5 exd5 6. Bg5 c6 7. e3 Be7 8. Bd3 0-0 9. Qc2 Re8 10. 0-0 Nf8 11. Bxf6 Bxf6 12. b4 a6 13. a4 Bg4 14. Nd2 Be7 15. Rab1 Bd6 16. b5 axb5 17. axb5 1/2-1/2

[Event "CRO-chT2"]
[Site "Pula"]
[Date "2000.09.11"]
[Round "1"]
[White "Lazovic, Gordan"]
[Black "Videki, Sandor"]
[Result "1/2-1/2"]
[WhiteElo "2365"]
[BlackElo "2404"]
[PlyCount "25"]
[EventDate "2000.09.??"]
[EventType "team-swiss"]
[EventRounds "7"]
[EventCountry "CRO"]
[SourceTitle "EXT 2001"]
[Source "ChessBase"]
[SourceDate "2000.11.22"]
[SourceVersion "1"]
[SourceVersionDate "2000.11.22"]
[SourceQuality "1"]

1. d4 d5 2. c4 c6 3. e3 Nf6 4. Nf3 e6 5. Nbd2 Nbd7 6. Bd3 Be7 7. 0-0 0-0 8. b3 b6 9. e4 dxe4 10. Nxe4 c5 11. Bb2 Bb7 12. Qe2 Qc7 13. dxc5 1/2-1/2

[Event "SLO-chT1 West"]
[Site "Bled"]
[Date "2000.??.??"]
[Round "?"]
[White "Grosar, Aljosa"]
[Black "Lazovic, Gordan"]
[Result "0-1"]
[WhiteElo "2449"]
[BlackElo "2358"]
[PlyCount "78"]
[EventDate "2000.??.??"]
[EventType "team"]
[EventRounds "7"]
[EventCountry "SLO"]
[SourceTitle "EXT 2002"]
[Source "ChessBase"]
[SourceDate "2001.11.25"]
[SourceVersion "1"]
[SourceVersionDate "2001.11.25"]
[SourceQuality "1"]

1. e4 e5 2. Nf3 Nc6 3. d4 exd4 4. Nxd4 Bc5 5. Nxc6 bxc6 6. Nc3 Qh4 7. Qf3 d6 8. h3 Be6 9. Bd3 Rb8 10. Be3 Bb6 11. 0-0-0 Qf6 12. Qg3 Qg6 13. Qf3 Qf6 14. Qe2 Bd4 15. Bxd4 Qxd4 16. f4 Ne7 17. f5 Bxa2 18. Nxa2 Qxb2+ 19. Kd2 Qxa2 20. Ra1 Qb2 21. Rhb1 Qxb1 22. Rxb1 Rxb1 23. e5 dxe5 24. Qxe5 Kd8 25. c4 Rb3 26. Kc2 Ra3 27. Qd4+ Ke8 28. Qb2 Rxd3 29. Kxd3 Rg8 30. g4 Nc8 31. Qe5+ Kd7 32. f6 g6 33. Qd4+ Ke6 34. c5 h5 35. g5 Re8 36. h4 a5 37. Qc4+ Kf5 38. Qxf7 Rd8+ 39. Kc2 Rd5 0-1

[Event "CRO-Cup"]
[Site "Pula"]
[Date "2000.??.??"]
[Round "2"]
[White "Lazovic, Gordan"]
[Black "Dabo Peranic, Robert"]
[Result "1-0"]
[WhiteElo "2358"]
[BlackElo "2266"]
[PlyCount "107"]
[EventDate "2000.??.??"]
[EventType "team"]
[EventRounds "5"]
[EventCountry "CRO"]
[SourceTitle "EXT 2001"]
[Source "ChessBase"]
[SourceDate "2000.11.22"]
[SourceVersion "1"]
[SourceVersionDate "2000.11.22"]
[SourceQuality "1"]

1. d4 d5 2. c4 c6 3. Nf3 Nf6 4. e3 Bf5 5. cxd5 cxd5 6. Nc3 e6 7. Ne5 Nfd7 8. Qb3 Qc7 9. Nb5 Qb6 10. Qa4 Nc6 11. Nxd7 Kxd7 12. Nc3 Bd6 13. Be2 Rhc8 14. 0-0 Ke7 15. g4 Bg6 16. f4 f5 17. h4 h5 18. gxh5 Bf7 19. Nb5 Bb8 20. Qd1 Rh8 21. b3 a6 22. Ba3+ Kd7 23. Nc3 Qd8 24. Na4 Ba7 25. Kg2 Qxh4 26. Rh1 Qf6 27. Bc5 Bxc5 28. Nxc5+ Kc7 29. Qe1 Qe7 30. Qh4 Qd6 31. Kf2 b6 32. Nd3 Kb7 33. Rac1 Rac8 34. Rhg1 Rh7 35. Qg5 Be8 36. Rc2 Ne7 37. Rxc8 Kxc8 38. Ne5 Bb5 39. Rc1+ Kb7 40. Bxb5 axb5 41. h6 gxh6 42. Qf6 h5 43. Nf7 Qd7 44. Ng5 Ng8 45. Qf8 Rg7 46. Nxe6 Qxe6 47. Qxg7+ Ne7 48. Qe5 Qd7 49. Rg1 Nc6 50. Qh8 Ne7 51. Rg7 Qc7 52. Qe8 Qc2+ 53. Kg3 h4+ 54. Kh3 1-0

[Event "SLO-chT1 West"]
[Site "Bled"]
[Date "2000.??.??"]
[Round "?"]
[White "Lazovic, Gordan"]
[Black "Orel, Oskar"]
[Result "1/2-1/2"]
[WhiteElo "2358"]
[BlackElo "2271"]
[PlyCount "80"]
[EventDate "2000.??.??"]
[EventType "team"]
[EventRounds "7"]
[EventCountry "SLO"]
[SourceTitle "EXT 2002"]
[Source "ChessBase"]
[SourceDate "2001.11.25"]
[SourceVersion "1"]
[SourceVersionDate "2001.11.25"]
[SourceQuality "1"]

1. d4 Nf6 2. Nf3 g6 3. g3 Bg7 4. Bg2 d6 5. 0-0 0-0 6. a4 a5 7. b3 c6 8. Bb2 Na6 9. Nbd2 Bf5 10. Nh4 Bd7 11. h3 Qc7 12. e4 e5 13. dxe5 dxe5 14. Nc4 Rfe8 15. Qd6 Qxd6 16. Nxd6 Re7 17. Ba3 Be6 18. Ndf5 Ree8 19. Nxg7 Kxg7 20. Bb2 Nd7 21. f4 f6 22. Rad1 Nac5 23. Rd2 b5 24. Rfd1 Ra7 25. axb5 cxb5 26. Rd6 b4 27. Ba1 Re7 28. Rc6 a4 29. fxe5 fxe5 30. bxa4 b3 31. cxb3 Bxb3 32. Rc1 Rxa4 33. Rc7 Bf7 34. Nf3 Nd3 35. Rb1 Kf8 36. Bc3 N7c5 37. Rxe7 Kxe7 38. Nxe5 Nxe5 39. Bxe5 Nxe4 40. Re1 Bd5 1/2-1/2

[Event "CRO-Cup"]
[Site "Pula"]
[Date "2000.??.??"]
[Round "4"]
[White "Maras, Mile"]
[Black "Lazovic, Gordan"]
[Result "0-1"]
[WhiteElo "2253"]
[BlackElo "2358"]
[PlyCount "144"]
[EventDate "2000.??.??"]
[EventType "team"]
[EventRounds "5"]
[EventCountry "CRO"]
[SourceTitle "EXT 2001"]
[Source "ChessBase"]
[SourceDate "2000.11.22"]
[SourceVersion "1"]
[SourceVersionDate "2000.11.22"]
[SourceQuality "1"]

1. d4 d5 2. Nf3 Nf6 3. e3 Bg4 4. Be2 Nbd7 5. Nbd2 e6 6. c4 c6 7. a3 a5 8. b3 Bd6 9. Bb2 0-0 10. 0-0 Qb8 11. h3 Bh5 12. Nh4 Bxe2 13. Qxe2 Ne4 14. Nhf3 f5 15. Nxe4 fxe4 16. Nd2 Qe8 17. c5 Bc7 18. b4 Qg6 19. Bc3 a4 20. b5 e5 21. Rab1 exd4 22. Bxd4 Ne5 23. Bxe5 Bxe5 24. bxc6 bxc6 25. Rb6 Ra5 26. Rc1 Qf6 27. Rc2 Bc7 28. Rb4 Qa1+ 29. Nb1 Qe5 30. Qg4 Raa8 31. g3 h5 32. Qd7 Rf7 33. Qxc6 Raf8 34. Rbb2 h4 35. Nc3 Rf5 36. Nb5 Bb8 37. Nd4 R5f6 38. Qd7 hxg3 39. Qg4 gxf2+ 40. Rxf2 Qe8 41. Rxf6 Rxf6 42. Rb6 Be5 43. Rxf6 Bxf6 44. Qe6+ Qxe6 45. Nxe6 Kf7 46. Nf4 d4 47. c6 d3 48. Kf1 Ke8 49. Nd5 Bb2 50. Nb6 Kd8 51. Nxa4 Bxa3 52. Nc3 Bc5 53. Kf2 Kc7 54. Nxe4 Kxc6 55. Nc3 Bb4 56. Nd1 Kd5 57. Kf3 Kc4 58. Ke4 d2 59. Kf3 Kd3 60. Nf2+ Kc2 61. Ke2 Bd6 62. Nd1 Bg3 63. Nb2 Bh4 64. Nd1 Bf6 65. Nf2 Bh4 66. Nd1 Be1 67. e4 Bg3 68. Ne3+ Kc1 69. Nd1 Be5 70. Ne3 Bd4 71. Nd1 Kc2 72. e5 Bxe5 0-1

[Event "CRO-chT"]
[Site "Pula"]
[Date "1999.09.16"]
[Round "7"]
[White "Lazovic, Gordan"]
[Black "Rade, Miroslav"]
[Result "1-0"]
[WhiteElo "2319"]
[BlackElo "2350"]
[PlyCount "109"]
[EventDate "1999.09.05"]
[EventType "team"]
[EventRounds "9"]
[EventCountry "CRO"]
[SourceTitle "EXT 2000"]
[Source "ChessBase"]
[SourceDate "1999.11.16"]
[SourceVersion "1"]
[SourceVersionDate "1999.11.16"]
[SourceQuality "1"]

1. d4 Nf6 2. Nf3 g6 3. g3 Bg7 4. Bg2 d5 5. 0-0 0-0 6. Nbd2 Na6 7. Nb3 Bf5 8. Nh4 Be6 9. c3 Rc8 10. Qd3 c5 11. dxc5 Nxc5 12. Nxc5 Rxc5 13. Be3 Rc4 14. Rfd1 Qa5 15. Bd4 Rd8 16. h3 Rcc8 17. Qe3 b6 18. Nf3 Bf5 19. Bf1 Re8 20. g4 Be6 21. Qd3 Qa4 22. e3 Rcd8 23. Qb5 Bd7 24. Qxa4 Bxa4 25. b3 Bc6 26. Ne5 Ba8 27. Bb5 Rf8 28. f3 Rc8 29. a4 Bb7 30. Be2 Rfd8 31. a5 Ne8 32. f4 Rd6 33. axb6 axb6 34. Ra7 Rb8 35. c4 dxc4 36. Bxc4 Bxe5 37. fxe5 Rdd8 38. Rf1 e6 39. Ra2 Rd7 40. Bb5 Re7 41. Bxb6 Bd5 42. Bc5 Rc7 43. Bxe8 Rxc5 44. Bxf7+ Kh8 45. Rf6 Rxb3 46. Re2 Rb1+ 47. Kh2 Rh1+ 48. Kg3 g5 49. e4 Bb3 50. Bxe6 Rc3+ 51. Kg2 Bxe6 52. Kxh1 Rxh3+ 53. Rh2 Rxh2+ 54. Kxh2 Bxg4 55. e6 1-0

[Event "CRO-chT"]
[Site "Pula"]
[Date "1999.09.15"]
[Round "6"]
[White "Kurajica, Bojan"]
[Black "Lazovic, Gordan"]
[Result "1/2-1/2"]
[WhiteElo "2541"]
[BlackElo "2319"]
[PlyCount "42"]
[EventDate "1999.09.05"]
[EventType "team"]
[EventRounds "9"]
[EventCountry "CRO"]
[SourceTitle "EXT 2000"]
[Source "ChessBase"]
[SourceDate "1999.11.16"]
[SourceVersion "1"]
[SourceVersionDate "1999.11.16"]
[SourceQuality "1"]

1. d4 Nf6 2. Nf3 c5 3. e3 b6 4. Bd3 Bb7 5. 0-0 g6 6. c3 Bg7 7. b4 Qc7 8. bxc5 bxc5 9. Nbd2 0-0 10. Rb1 d6 11. Qb3 Bc6 12. e4 d5 13. exd5 Bxd5 14. Bc4 Bxc4 15. Qxc4 Rc8 16. dxc5 Qxc5 17. Qxc5 Rxc5 18. Rb7 Rxc3 19. Rxe7 Nbd7 20. Ne4 Nxe4 21. Rxd7 Rc2 1/2-1/2

[Event "CRO-chT"]
[Site "Pula"]
[Date "1999.09.10"]
[Round "2"]
[White "Bilobrk, Franjo"]
[Black "Lazovic, Gordan"]
[Result "1/2-1/2"]
[WhiteElo "2369"]
[BlackElo "2319"]
[PlyCount "31"]
[EventDate "1999.09.05"]
[EventType "team"]
[EventRounds "9"]
[EventCountry "CRO"]
[SourceTitle "EXT 2000"]
[Source "ChessBase"]
[SourceDate "1999.11.16"]
[SourceVersion "1"]
[SourceVersionDate "1999.11.16"]
[SourceQuality "1"]

1. Nf3 d5 2. g3 g6 3. Bg2 Bg7 4. 0-0 e5 5. d3 Ne7 6. Nbd2 0-0 7. e4 Nbc6 8. a4 a5 9. exd5 Nxd5 10. Ne4 h6 11. Re1 Re8 12. Bd2 Bf5 13. Nh4 Be6 14. Nf3 Bf5 15. Nh4 Be6 16. Nf3 1/2-1/2

[Event "CRO-chT"]
[Site "Pula"]
[Date "1999.09.09"]
[Round "1"]
[White "Lazovic, Gordan"]
[Black "Jusic, Zdenko"]
[Result "1-0"]
[WhiteElo "2319"]
[BlackElo "2387"]
[PlyCount "98"]
[EventDate "1999.09.05"]
[EventType "team"]
[EventRounds "9"]
[EventCountry "CRO"]
[SourceTitle "EXT 2000"]
[Source "ChessBase"]
[SourceDate "1999.11.16"]
[SourceVersion "1"]
[SourceVersionDate "1999.11.16"]
[SourceQuality "1"]

1. d4 Nf6 2. c4 d6 3. Nc3 Bf5 4. Nf3 Nbd7 5. Nh4 Bg4 6. h3 Bh5 7. g4 Bg6 8. Bg2 c6 9. d5 Qb6 10. 0-0 Nc5 11. Nxg6 hxg6 12. dxc6 bxc6 13. b4 Qxb4 14. Bxc6+ Ncd7 15. Bxa8 Qxc3 16. Qb3 Rxh3 17. Qxc3 Rxc3 18. g5 Ng4 19. Bb2 Rc2 20. Bd4 e6 21. Rfc1 Rxe2 22. Bf3 Rd2 23. Bxa7 Nge5 24. Bg2 Nd3 25. Rd1 Rxd1+ 26. Rxd1 N3e5 27. Rc1 Be7 28. Be3 Bd8 29. f4 Ng4 30. Ba7 Nb6 31. Bc6+ Ke7 32. c5 Nc8 33. cxd6+ Kxd6 34. Bd4 Ne7 35. Bf3 f5 36. Bc5+ Kd7 37. Bxg4 fxg4 38. Bxe7 Kxe7 39. Kg2 e5 40. Re1 Bc7 41. fxe5 Ke6 42. a4 Bd8 43. Kg3 Bxg5 44. Kxg4 Bd2 45. Re2 Bb4 46. Re3 Bd2 47. Re2 Bb4 48. Re3 Bd2 49. Re2 Bc3 1-0

[Event "BIH-chT"]
[Site "Bihac"]
[Date "1999.08.27"]
[Round "7"]
[White "Lazovic, Gordan"]
[Black "Saric, Ibro"]
[Result "1/2-1/2"]
[WhiteElo "2319"]
[BlackElo "2270"]
[PlyCount "26"]
[EventDate "1999.08.21"]
[EventType "team"]
[EventRounds "9"]
[EventCountry "BIH"]
[SourceTitle "EXT 2000"]
[Source "ChessBase"]
[SourceDate "1999.11.16"]
[SourceVersion "1"]
[SourceVersionDate "1999.11.16"]
[SourceQuality "1"]

1. e4 e5 2. Nf3 Nc6 3. Nc3 Nf6 4. g3 d5 5. exd5 Nxd5 6. Bg2 Nxc3 7. bxc3 Bd6 8. 0-0 0-0 9. Re1 Bg4 10. h3 Bh5 11. d3 Re8 12. Rb1 Rb8 13. Bd2 f6 1/2-1/2

[Event "BIH-chT"]
[Site "Bihac"]
[Date "1999.08.26"]
[Round "6"]
[White "Trkulja, Goran"]
[Black "Lazovic, Gordan"]
[Result "1/2-1/2"]
[WhiteElo "2255"]
[BlackElo "2319"]
[PlyCount "30"]
[EventDate "1999.08.21"]
[EventType "team"]
[EventRounds "9"]
[EventCountry "BIH"]
[SourceTitle "EXT 2000"]
[Source "ChessBase"]
[SourceDate "1999.11.16"]
[SourceVersion "1"]
[SourceVersionDate "1999.11.16"]
[SourceQuality "1"]

1. e4 e5 2. d4 exd4 3. Nf3 Nc6 4. Nxd4 Bc5 5. Nb3 Bb6 6. Nc3 d6 7. a4 a6 8. Nd5 Ba7 9. h4 h6 10. Qf3 Ne5 11. Qg3 Ng4 12. Be3 Nxe3 13. Nxe3 Bxe3 14. Qxe3 Qf6 15. 0-0-0 Ne7 1/2-1/2

[Event "BIH-chT"]
[Site "Bihac"]
[Date "1999.08.22"]
[Round "2"]
[White "Lazovic, Gordan"]
[Black "Tutic, Resad"]
[Result "1/2-1/2"]
[WhiteElo "2319"]
[BlackElo "2270"]
[PlyCount "82"]
[EventDate "1999.08.21"]
[EventType "team"]
[EventRounds "9"]
[EventCountry "BIH"]
[SourceTitle "EXT 2000"]
[Source "ChessBase"]
[SourceDate "1999.11.16"]
[SourceVersion "1"]
[SourceVersionDate "1999.11.16"]
[SourceQuality "1"]

1. d4 e6 2. g3 f5 3. Bg2 d5 4. Nh3 Bd6 5. 0-0 Nf6 6. c4 c6 7. Bf4 0-0 8. Nd2 Bxf4 9. Nxf4 Qb6 10. cxd5 exd5 11. Nb3 Na6 12. e3 Bd7 13. Nd3 Rae8 14. Qc2 Nb4 15. Nxb4 Qxb4 16. Qc5 Qxc5 17. Nxc5 Bc8 18. Nd3 g5 19. Rac1 Ne4 20. Rfe1 Nd6 21. f4 h6 22. Ne5 Kg7 23. Kf2 Be6 24. b3 Re7 25. Bf3 Bf7 26. h4 g4 27. Bg2 Rd8 28. Rc2 a5 29. a4 Be8 30. Rec1 Ra8 31. Bf1 Rc7 32. Bg2 Rcc8 33. Nd3 Kf6 34. Rc5 Bf7 35. Ne5 Be8 36. Ke2 h5 37. R5c2 Rd8 38. Rb2 Ra7 39. Ra1 Rda8 40. Kd3 Rc8 41. Rc1 Rca8 1/2-1/2

[Event "Bled op 20th"]
[Site "Bled"]
[Date "1999.03.24"]
[Round "5"]
[White "Lazovic, Gordan"]
[Black "Dobrotka, Martin"]
[Result "0-1"]
[WhiteElo "2311"]
[BlackElo "2231"]
[PlyCount "68"]
[EventDate "1999.03.20"]
[EventType "swiss"]
[EventRounds "9"]
[EventCountry "SLO"]
[SourceTitle "CBM 069 Extra"]
[Source "ChessBase"]
[SourceDate "1999.05.10"]
[SourceVersion "1"]
[SourceVersionDate "1999.05.10"]
[SourceQuality "1"]

1. e4 e6 2. d4 d5 3. Nd2 Nf6 4. e5 Nfd7 5. Bd3 c5 6. c3 Nc6 7. Ne2 cxd4 8. cxd4 f6 9. Nf4 Qe7 10. exf6 Qxf6 11. Nf3 Bb4+ 12. Kf1 Bd6 13. Nh5 Qe7 14. a3 g6 15. Nf4 0-0 16. g3 Nf6 17. Qb3 Ne4 18. Be3 Bxf4 19. gxf4 Nf6 20. Ke2 Nh5 21. f5 exf5 22. Qxd5+ Be6 23. Qc5 Qxc5 24. dxc5 f4 25. Ng5 Bd5 26. Bd2 Rae8+ 27. Kf1 Bxh1 28. Bc4+ Kg7 29. f3 h6 30. Bc3+ Nf6 31. Ne4 Bxf3 32. Nxf6 Rxf6 33. Kf2 Bg4 34. h3 Be6 0-1

[Event "Bled op 20th"]
[Site "Bled"]
[Date "1999.03.22"]
[Round "3"]
[White "Filipovic, Branko"]
[Black "Lazovic, Gordan"]
[Result "1/2-1/2"]
[WhiteElo "2434"]
[BlackElo "2311"]
[PlyCount "35"]
[EventDate "1999.03.20"]
[EventType "swiss"]
[EventRounds "9"]
[EventCountry "SLO"]
[SourceTitle "CBM 069 Extra"]
[Source "ChessBase"]
[SourceDate "1999.05.10"]
[SourceVersion "1"]
[SourceVersionDate "1999.05.10"]
[SourceQuality "1"]

1. b3 d5 2. e3 Nf6 3. f4 g6 4. Bb2 Bg7 5. Nf3 0-0 6. g3 b6 7. Bg2 Ba6 8. Qc1 Nbd7 9. d3 c5 10. c4 b5 11. Ne5 bxc4 12. dxc4 Nxe5 13. Bxe5 dxc4 14. 0-0 cxb3 15. Rd1 Qb6 16. Bxa8 Rxa8 17. axb3 Bb7 18. Nc3 1/2-1/2

[Event "Bled op 20th"]
[Site "Bled"]
[Date "1999.03.21"]
[Round "2"]
[White "Lazovic, Gordan"]
[Black "Vrabic, Anita"]
[Result "1-0"]
[WhiteElo "2311"]
[BlackElo "2173"]
[PlyCount "85"]
[EventDate "1999.03.20"]
[EventType "swiss"]
[EventRounds "9"]
[EventCountry "SLO"]
[SourceTitle "CBM 069 Extra"]
[Source "ChessBase"]
[SourceDate "1999.05.10"]
[SourceVersion "1"]
[SourceVersionDate "1999.05.10"]
[SourceQuality "1"]

1. e4 c5 2. c3 Nf6 3. e5 Nd5 4. d4 cxd4 5. Nf3 e6 6. cxd4 d6 7. Bc4 Be7 8. 0-0 Bd7 9. Qe2 Bc6 10. Nc3 0-0 11. Bd3 Nxc3 12. bxc3 Nd7 13. Bf4 dxe5 14. Nxe5 Nxe5 15. Bxe5 Qd5 16. f3 b5 17. Qc2 h6 18. Rfe1 Qd7 19. Qe2 a6 20. Bc2 Rfc8 21. Qd3 g6 22. Bf4 Bf8 23. h4 h5 24. Be5 Bd5 25. Bb3 Bh6 26. f4 Rc6 27. Re3 Rac8 28. Rc1 Bc4 29. Qb1 Qd5 30. Bd1 Bxa2 31. Qc2 b4 32. Bf3 Qc4 33. Bxc6 Rxc6 34. Rg3 Kh7 35. Qb2 b3 36. Qa3 Bg7 37. Qe7 b2 38. Re1 b1Q 39. Rxb1 Bxb1 40. Qxf7 Rc7 41. Bxc7 Kh6 42. f5 Bxf5 43. Bf4+ 1-0

[Event "Scharnstein op 2nd"]
[Site "Scharnstein"]
[Date "1999.??.??"]
[Round "?"]
[White "Bergmann, Walter"]
[Black "Lazovic, Gordan"]
[Result "0-1"]
[WhiteElo "1750"]
[BlackElo "2310"]
[PlyCount "76"]
[EventDate "1999.??.??"]
[EventType "swiss"]
[EventRounds "5"]
[EventCountry "AUT"]
[SourceTitle "EXT 2004"]
[Source "ChessBase"]
[SourceDate "2003.11.25"]
[SourceVersion "1"]
[SourceVersionDate "2003.11.25"]
[SourceQuality "1"]

1. c4 e5 2. Nc3 Nf6 3. g3 c6 4. Bg2 d5 5. cxd5 cxd5 6. d3 d4 7. Ne4 Nxe4 8. Bxe4 Bd6 9. Qa4+ Nd7 10. e3 0-0 11. Bg2 Nc5 12. Qc2 Bf5 13. e4 Bd7 14. Nf3 Rc8 15. Qd1 Bb5 16. Bf1 Qa5+ 17. Bd2 Qa6 18. Be2 Nxd3+ 19. Kf1 Nxb2 20. Bxb5 Qxb5+ 21. Qe2 Qxe2+ 22. Kxe2 Nc4 23. Rhc1 Nxd2 24. Nxd2 Ba3 25. Rc4 b5 26. Rxc8 Rxc8 27. Rb1 a6 28. Rb3 Rc3 29. Nb1 Rxb3 30. axb3 Bb4 31. Kd3 f6 32. f4 Kf7 33. f5 Ke7 34. g4 a5 35. Kc2 a4 36. bxa4 bxa4 37. h3 a3 38. Kb3 d3 0-1

[Event "CRO-chT"]
[Site "Porec"]
[Date "1998.09.09"]
[Round "4"]
[White "Muhvic, Damir"]
[Black "Lazovic, Gordan"]
[Result "1/2-1/2"]
[WhiteElo "2215"]
[BlackElo "2315"]
[PlyCount "33"]
[EventDate "1998.09.??"]
[EventType "team"]
[EventRounds "9"]
[EventCountry "CRO"]
[SourceTitle "EXT 1999"]
[Source "ChessBase"]
[SourceDate "1998.11.16"]
[SourceVersion "1"]
[SourceVersionDate "1998.11.16"]
[SourceQuality "1"]

1. d4 d5 2. c4 e6 3. Nc3 Nf6 4. cxd5 exd5 5. Bg5 c6 6. e3 Be7 7. Qc2 0-0 8. Bd3 Nbd7 9. Nf3 Re8 10. 0-0 Nf8 11. h3 Ng6 12. Rab1 Bd6 13. e4 dxe4 14. Nxe4 Be7 15. Nc5 Nd5 16. Bd2 b6 17. Ne4 1/2-1/2

[Event "Schwarzach op-A"]
[Site "Schwarzach"]
[Date "1998.08.29"]
[Round "8"]
[White "Lazovic, Gordan"]
[Black "Navratil, Robert"]
[Result "1-0"]
[WhiteElo "2315"]
[BlackElo "2160"]
[PlyCount "56"]
[EventDate "1998.08.30"]
[EventType "swiss"]
[EventRounds "9"]
[EventCountry "AUT"]
[SourceTitle "EXT 2000"]
[Source "ChessBase"]
[SourceDate "1999.11.16"]
[SourceVersion "1"]
[SourceVersionDate "1999.11.16"]
[SourceQuality "1"]

1. e4 c5 2. c3 d5 3. exd5 Qxd5 4. d4 Nf6 5. Nf3 Bg4 6. Qa4+ Nc6 7. Bc4 Qe4+ 8. Be3 Bxf3 9. Nd2 Qg4 10. Nxf3 0-0-0 11. 0-0-0 e6 12. Ng5 cxd4 13. cxd4 Rd7 14. Bb5 h6 15. Bxc6 bxc6 16. Nf3 Bd6 17. Ne5 Bxe5 18. Qa6+ Kd8 19. dxe5 Nd5 20. Bxa7 Qf4+ 21. Be3 Qxe5 22. Qa8+ Ke7 23. Bc5+ Kf6 24. Qxh8 Qf4+ 25. Kb1 Ra7 26. Bd4+ e5 27. Qc8 Qe4+ 28. Ka1 Nb4 1-0

[Event "Schwarzach op-A"]
[Site "Schwarzach"]
[Date "1998.08.24"]
[Round "3"]
[White "Hresc, Vladimir"]
[Black "Lazovic, Gordan"]
[Result "1/2-1/2"]
[WhiteElo "2425"]
[BlackElo "2315"]
[PlyCount "27"]
[EventDate "1998.08.30"]
[EventType "swiss"]
[EventRounds "9"]
[EventCountry "AUT"]
[SourceTitle "EXT 2000"]
[Source "ChessBase"]
[SourceDate "1999.11.16"]
[SourceVersion "1"]
[SourceVersionDate "1999.11.16"]
[SourceQuality "1"]

1. e4 Nc6 2. Nc3 Nf6 3. d4 e5 4. dxe5 Nxe5 5. f4 Nc6 6. e5 Ng8 7. Nf3 d6 8. Bb5 a6 9. Ba4 Bg4 10. h3 Be6 11. Qe2 dxe5 12. Nxe5 Qh4+ 13. Kf1 Nge7 14. g4 1/2-1/2

[Event "Zagreb op"]
[Site "Zagreb"]
[Date "1998.01.07"]
[Round "5"]
[White "Devcic, Darko"]
[Black "Lazovic, Gordan"]
[Result "1-0"]
[WhiteElo "2185"]
[BlackElo "2305"]
[PlyCount "79"]
[EventDate "1998.01.03"]
[EventType "swiss"]
[EventRounds "9"]
[EventCountry "CRO"]
[SourceTitle "CBM 062 Extra"]
[Source "ChessBase"]
[SourceDate "1998.03.09"]
[SourceVersion "1"]
[SourceVersionDate "1998.03.09"]
[SourceQuality "1"]

1. d4 d5 2. Nf3 Nf6 3. g3 g6 4. Bg2 Bg7 5. c4 dxc4 6. 0-0 0-0 7. Na3 Nc6 8. Nxc4 Bf5 9. b3 Qc8 10. Re1 Rd8 11. Bb2 Nb4 12. Ne3 Be4 13. a3 Nbd5 14. Nc4 c5 15. Rc1 Bh6 16. Ncd2 b6 17. Nxe4 Nxe4 18. e3 Bg7 19. Qc2 f5 20. Ne5 cxd4 21. exd4 Qxc2 22. Rxc2 Rac8 23. Rec1 Ra8 24. Rc6 Bh6 25. R1c2 a5 26. Bf1 Rab8 27. Ba6 Nd6 28. Nc4 Kf8 29. Ne5 Bg7 30. Rc1 Bf6 31. R6c2 Ra8 32. Bf1 Rac8 33. Bg2 Rxc2 34. Rxc2 Bxe5 35. dxe5 Ne4 36. e6 Nc5 37. Be5 g5 38. Rd2 Ne4 39. Rd4 Ke8 40. Bf1 1-0

[Event "Zagreb op"]
[Site "Zagreb"]
[Date "1998.01.05"]
[Round "3"]
[White "Kliska, Predrag"]
[Black "Lazovic, Gordan"]
[Result "0-1"]
[WhiteElo "2115"]
[BlackElo "2305"]
[PlyCount "100"]
[EventDate "1998.01.03"]
[EventType "swiss"]
[EventRounds "9"]
[EventCountry "CRO"]
[SourceTitle "CBM 062 Extra"]
[Source "ChessBase"]
[SourceDate "1998.03.09"]
[SourceVersion "1"]
[SourceVersionDate "1998.03.09"]
[SourceQuality "1"]

1. e4 e5 2. Nf3 Nc6 3. Bb5 a6 4. Ba4 Nf6 5. 0-0 Be7 6. Re1 b5 7. Bb3 0-0 8. a4 Rb8 9. axb5 axb5 10. d3 d6 11. h3 Nd7 12. Be3 Bf6 13. c3 Nb6 14. Nbd2 Ne7 15. d4 Bd7 16. dxe5 dxe5 17. Qe2 Qc8 18. Bg5 Bxg5 19. Nxg5 h6 20. Ngf3 Ng6 21. Qe3 c5 22. h4 c4 23. Bc2 Re8 24. g3 Na4 25. Ra2 Qc7 26. Nb1 Nc5 27. Na3 Be6 28. Raa1 Red8 29. Red1 Rxd1+ 30. Rxd1 Nf8 31. Rd2 Nfd7 32. Ne1 Qb6 33. Bd1 b4 34. cxb4 Qxb4 35. Nb1 Qa5 36. Nc3 Qa1 37. Qe2 Nb3 38. Bxb3 Rxb3 39. Kg2 Nc5 40. f4 exf4 41. gxf4 Qa8 42. Nd5 Qd8 43. Nf3 Bg4 44. Ne3 Bxf3+ 45. Kxf3 Qxh4 46. Qh2 Qe7 47. Rd4 Nd3 48. Rxc4 Ne1+ 49. Kg3 Rxe3+ 50. Kf2 Rxe4 0-1

[Event "Zadar op"]
[Site "Zadar"]
[Date "1998.??.??"]
[Round "5"]
[White "Bistric, Faruk"]
[Black "Lazovic, Gordan"]
[Result "1-0"]
[WhiteElo "2430"]
[BlackElo "2305"]
[PlyCount "93"]
[EventDate "1998.12.??"]
[EventType "swiss"]
[EventRounds "9"]
[EventCountry "CRO"]
[SourceTitle "EXT 2000"]
[Source "ChessBase"]
[SourceDate "1999.11.16"]
[SourceVersion "1"]
[SourceVersionDate "1999.11.16"]
[SourceQuality "1"]

1. Nf3 g6 2. e4 Bg7 3. d4 c6 4. c3 d5 5. Nbd2 Nd7 6. Bd3 dxe4 7. Nxe4 Ngf6 8. Nxf6+ Nxf6 9. 0-0 Qc7 10. Re1 0-0 11. Bg5 b6 12. Qd2 Bb7 13. Bf4 Qd8 14. Rad1 e6 15. Bc2 Qc8 16. Qe2 Ba6 17. c4 b5 18. c5 b4 19. Qd2 Qb7 20. Ne5 Nd5 21. Bh6 Bb5 22. Re4 f6 23. Nf3 Rae8 24. Rde1 Bxh6 25. Qxh6 Qg7 26. Qd2 Qf7 27. h4 a5 28. Nh2 Kg7 29. a3 Qe7 30. Bb3 bxa3 31. bxa3 a4 32. Ba2 f5 33. Rxe6 Qxe6 34. Rxe6 Rxe6 35. Bxd5 cxd5 36. Nf3 Rc8 37. Qa5 Be8 38. Qa7+ Kg8 39. Ng5 Re1+ 40. Kh2 h5 41. Qh7+ Kf8 42. Qh6+ Ke7 43. Qg7+ Kd8 44. Qf6+ Re7 45. Qb6+ Rcc7 46. Ne6+ Rxe6 47. Qxe6 1-0